Регионална библиотека "Любен Каравелов" - Русе

Литературен сборник (Запис номер 497746)

MARC детайли
000 -Лидер
Лидер 01160nam a2200313 a 4500
003 - Код на организацията, давaща контролен номер
Код на организацията, даваща контролен номер BLK
005 - Дата и час на последна редакция
Дата и час на последна редакция 20231108111555.0
007 - Фиксирано поле за физическо описани
Физическо описание ta
008 - Елементи от данни с фиксирана дължина
Елементи с фиксирана дължина 180411b bul|||||r ||||||| ||bul||
040 ## - Източник на каталожния запис
Код на библиотеката BLK
041 ## - Код за език
Език Български
Език за КДБФ Български
080 ## - УДК
УДК текст Българска литература
УДК код 821.163.2
УДК – определител -053.5-8
УДК – код + определител 821.163.2-053.5-8
084 ## - Класификационен индекс по друга класификация
Авторски знак Лит - Л 69
245 10 - Сведения за заглавието
Заглавие Литературен сборник
Авторска отговорност състав. Румен Горанов и др.
257 ## - Страна на издаване
Страна на създаване/издаване България
260 ## - Област на издателските данни
Място на издаване Русе
Име на издателя Математическа гимназия
Година на издаване 2018
Печатница Русе : Лени-Ан
9 (RLIN) 213986
300 ## - Физическа характеристика
Брой страници 68 с.
Илюстрации с ил.
Размер 21 см
380 ## - Жанр
Жанр Худож. лит.
500 ## - Общи забележки
Обща забележка Изд. на Мат. гимназия Баба Тонка - Русе.
700 ## - Други автори (авторска отговорност)
Друг автор Горанов, Румен Иванов
9 (RLIN) 488467
710 1# - Име на организация или юридическо лице като допълнителен термин за търсене
Друг колективен автор Математическа гимназия Баба Тонка - Русе
9 (RLIN) 2433
852 ## - Местоположение
Сигнатура (форматна) Цб 275348
Отдел Хранилище
852 ## - Местоположение
Отдел Краезнание
Систематично-азбучна сигнатура К 821.163.2/Л 69
856 4# - Електронен адрес и достъп
Електронен формат pdf - файл
Инструкция (цена за достъп) 0.00
Права за достъп disable
856 4# - Електронен адрес и достъп
Електронен формат pdf - файл
Инструкция (цена за достъп) 0.00
Права за достъп disable
942 ## - АРТИКУЛИ
Вид на библиотечния документ Книги
Скрит в OPAC Не
Периодичен библиозапис Да
944 ## - СЪЗДАВАНЕ И РЕДАКЦИЯ на ЗАПИСА
Дата на регистрацията/редакция Кети Илиева
Служител, извършил регистрацията/редакцията 30550
Създаване/Редакция
Номер на служител Кети Илиева
999 ## - СИСТЕМНИ КОНТРОЛНИ НОМЕРА
Koha biblionumber 497746
Koha biblioitemnumber 497746
Наличности
Код за отписване Код за изгубен артикул Източник на класификационната схема Код за повреда Коз за рестрикции Код за отдаване Артикулен № Име на библиотеката - собственик Име на библиотеката, в която се намира в момента Статус (Текущо местоположение) Дата на вписване в системата Местоположение - отдел Цена в лева Инвентарен номер Систематично азбучна сигнатура Баркод Цена в евро Служебен тип на артикула
  Не е изгубен Universal Decimal Classification Не е повреден само за читалня ползва се в читалня 936375 Регионална библиотека "Любен Каравелов" Русе Регионална библиотека "Любен Каравелов" Русе Краезнание 2023-11-09 Краезнание 7.00 120000895441 К 821.163.2/Л 69 120000895441 3.58 Книги
Vip Innovations Ltd, Rousse, Bulgaria 2025